000 01254nam a2200385 c 4500
001 23072
003 ES-MaCES
005 20141221122825.0
008 100524s2010 sp t 010 | spa d
017 _aVA 187-2010
_bDL
020 _a9788498981353
035 _aCES20100004329m
040 _aES-MaCES
_bspa
_cES-MaCES
100 1 _aRodríguez Cardo, Iván Antonio
_922298
245 1 0 _aJubilación parcial, contrato de relevo y jubilación flexible
_cIván Antonio Rodríguez Cardo
250 _a1ª ed
260 _aValladolid
_bLex Nova
_c2010
300 _a467 p.
_c24 cm
541 _cCompra
650 4 _ajubilación parcial
_930258
650 4 _acontrato de relevo
_931584
650 4 _ajubilación flexible
_929552
650 4 _acondiciones de trabajo
_928327
650 4 _arégimen de pensión
_927042
650 4 _alegislación de seguridad social
_929855
650 4 _alegislación del trabajo
_927166
650 4 _aderecho del trabajo
_927165
650 4 _aderecho jurisprudencial
_929863
650 4 _aEspaña
_926964
650 4 _arégimen jurídico
_929894
653 1 0 _aDerecho del trabajo y Seguridad Social
902 _aLIB Libro
942 _2CES
_cBK
_h6.0.1.
999 _c23072
_d23072